[Event "OBEM 2016"]
[Site "Germany , Bremen"]
[Date "2016.03.24"]
[Round "7.29"]
[White "Dietrich, Igor"]
[Black "Nagel, Rudolf"]
[Result "1-0"]
[WhiteElo "1865"]
[BlackElo "1388"]
[PlyCount "97"]

1. e4 e5 2. Nf3 d6 3. d4 exd4 4. Qxd4 Nf6 5. e5 Nc6 6. Bb5 dxe5 7. Qxd8+ Kxd8
8. Bxc6 bxc6 9. Nxe5 Be6 10. Nxc6+ Ke8 11. O-O Bd6 12. Nc3 a6 13. Bg5 Ng4 14.
h3 h6 15. Bh4 Ne5 16. Nxe5 Bxe5 17. Na4 Bd6 18. Rfe1 Kd7 19. Rad1 Kc6 20. f3 g5
21. Bf2 h5 22. Bd4 Rhg8 23. Be5 Be7 24. Re3 Rac8 25. b3 g4 26. Rc3+ Kb7 27. h4
Bxh4 28. Nc5+ Ka7 29. Nxe6 fxe6 30. Rd7 gxf3 31. Rxf3 Bd8 32. Rc3 Kb7 33. a4
Rg5 34. Bh2 Rd5 35. Rxd5 exd5 36. Rc5 c6 37. Rc3 Bb6+ 38. Kf1 h4 39. Rf3 Bc5
40. Rf7+ Kb6 41. Rh7 Rf8+ 42. Ke1 Bf2+ 43. Ke2 Bg3 44. Bg1+ Ka5 45. Bc5 Re8+
46. Kd3 Rf8 47. Rb7 Rf5 48. c3 Be1 49. Bb4# 1-0

[Event "OBEM 2016"]
[Site "Germany , Bremen"]
[Date "2016.03.24"]
[Round "7.30"]
[White "Bruening, Martin"]
[Black "Krueger, Gerhard"]
[Result "1-0"]
[WhiteElo "1777"]
[BlackElo "1367"]
[PlyCount "23"]

1. d4 d5 2. c4 c6 3. cxd5 cxd5 4. Nc3 e6 5. Bf4 Bd6 6. Bxd6 Qxd6 7. Nf3 Nc6 8.
e3 Nf6 9. Bd3 O-O 10. a3 a6 11. O-O e5 12. dxe5 {hier hat Schwarz die Dame in
die Hand genommen und gab aufrund des Figurverlustes auf . Sxe5 wäre der
Ausgleich !} 1-0

[Event "OBEM 2016"]
[Site "Germany , Bremen"]
[Date "2016.03.24"]
[Round "7.31"]
[White "Ficken, Hartmut"]
[Black "Seliskar, Henryk"]
[Result "1-0"]
[WhiteElo "1714"]
[BlackElo "1540"]
[PlyCount "63"]

1. e4 c5 2. f4 d6 3. Bc4 e6 4. Nf3 h6 5. d4 cxd4 6. Nxd4 Nc6 7. Be3 Nf6 8. Nc3
Qb6 9. Bb3 Qc7 10. Ndb5 Qd8 11. e5 dxe5 12. Qxd8+ Kxd8 13. O-O-O+ Bd7 14. fxe5
Ng4 15. Bg1 Ngxe5 16. h3 a6 17. Bb6+ Kc8 18. Nd6+ Bxd6 19. Rxd6 Ne7 20. Rhd1
N7c6 21. Ne4 a5 22. Nc5 a4 23. Bxa4 Nb8 24. Nxd7 Rxa4 25. Nxe5 Nc6 26. Nxc6
bxc6 27. a3 Kb7 28. Bg1 Rf8 29. Rd7+ Kc8 30. Bh2 Re4 31. Rc7+ Kb8 32. Rxf7+ 1-0

[Event "OBEM 2016"]
[Site "Germany , Bremen"]
[Date "2016.03.24"]
[Round "7.32"]
[White "Rast, Matthias"]
[Black "Proske, Matthias"]
[Result "1/2-1/2"]
[WhiteElo "1213"]
[BlackElo "1666"]
[PlyCount "51"]

1. d4 d5 2. Nf3 Nf6 3. Nc3 e6 4. Bf4 a6 5. h3 c5 6. e3 Nc6 7. Na4 cxd4 8. exd4
b6 9. a3 Bd6 10. Bxd6 Qxd6 11. Nxb6 Rb8 12. Nxc8 Rxc8 13. Bxa6 Rb8 14. b4 O-O
15. O-O Rb6 16. Be2 Ne4 17. Qd3 Na7 18. Nd2 f5 19. Nxe4 dxe4 20. Qd2 f4 21. f3
e3 22. Qd3 Nc6 23. Rfd1 Rd8 24. c3 Qe7 25. Qe4 Rf8 26. a4 1/2-1/2

[Event "OBEM 2016"]
[Site "Germany , Bremen"]
[Date "2016.03.24"]
[Round "7.33"]
[White "Schubert, Karl Heinz"]
[Black "Steingraeber, Hans-Joachim"]
[Result "0-1"]
[WhiteElo "1027"]
[BlackElo "1561"]
[PlyCount "68"]

1. e4 e5 2. b3 Nc6 3. Bb2 Nf6 4. d3 d5 5. exd5 Qxd5 6. Nc3 Bb4 7. a3 Bxc3+ 8.
Bxc3 Bf5 9. Nf3 O-O-O 10. Be2 Rhe8 11. O-O h6 12. Bd2 g5 13. c4 Qe6 14. Be3 e4
15. Ne1 exd3 16. Bxd3 Ne4 17. Qc2 Bg6 18. b4 f5 19. b5 Nd4 20. Qa4 Kb8 21. Rb1
Nc3 22. Qb4 Nxb1 23. Qxb1 Bh5 24. Qb2 Qe5 25. Bxd4 Qxd4 26. Qb4 Be2 27. Nc2
Qxd3 28. Rc1 Qxc4 29. Qb2 Rd1+ 30. Rxd1 Bxd1 31. g3 Bxc2 32. Qf6 Re1+ 33. Kg2
Qf1+ 34. Kf3 Be4# 0-1

[Event "OBEM 2016"]
[Site "Germany , Bremen"]
[Date "2016.03.24"]
[Round "7.34"]
[White "Borbely, Kurt"]
[Black "Rose, Helmut"]
[Result "0-1"]
[WhiteElo "1054"]
[BlackElo "1511"]
[PlyCount "88"]

1. d4 d5 2. Nf3 Bf5 3. e3 e6 4. c4 c6 5. Qb3 Qc7 6. Nc3 Bd6 7. c5 Be7 8. Bd2 b6
9. cxb6 axb6 10. Rc1 Nf6 11. Nb5 Qd8 12. Nc3 Nbd7 13. Ne5 Nxe5 14. dxe5 Nd7 15.
f4 c5 16. a3 c4 17. Qd1 Bh4+ 18. g3 Be7 19. Nb5 O-O 20. Nd4 Be4 21. Rg1 b5 22.
Nc6 Qe8 23. Nxe7+ Qxe7 24. Bb4 Nc5 25. Qd4 Rfc8 26. Rc3 Rc6 27. Bxc5 Rxc5 28.
Kf2 Rc6 29. b4 Rca6 30. Be2 Rxa3 31. Rxa3 Rxa3 32. Ra1 Rxa1 33. Qxa1 Qxb4 34.
Qa8+ Qf8 35. Qb7 Qe8 36. Bd1 h6 37. h4 c3 38. Bb3 Bd3 39. Qc7 b4 40. Qc5 Qb8
41. g4 Bc4 42. Bxc4 dxc4 43. Qxc4 b3 44. Qxc3 b2 0-1

[Event "OBEM 2016"]
[Site "Germany , Bremen"]
[Date "2016.03.24"]
[Round "7.35"]
[White "Zijlstra, Berend"]
[Black "Frankenberg, Lea-Marie"]
[Result "1-0"]
[WhiteElo "1300"]
[BlackElo "1000"]
[PlyCount "91"]

1. e4 Nf6 2. Nc3 e5 3. Nf3 Nc6 4. Bc4 Bc5 5. Ng5 O-O 6. d3 b6 7. a3 d6 8. Na4
Bg4 9. Nf3 Bd4 10. c3 Qd7 11. h3 Bxf3 12. Qxf3 Bc5 13. b4 b5 14. Bxb5 a6 15.
Nxc5 Qe8 16. Bc4 dxc5 17. bxc5 Na5 18. Ba2 Qa4 19. Qe2 Qc6 20. Be3 Nd7 21. Bd5
Qg6 22. Bxa8 Rxa8 23. O-O Nf6 24. f4 Nh5 25. f5 Qg3 26. Rf3 Qh4 27. Kh2 Qe7 28.
d4 Nb3 29. Rb1 Rb8 30. Qd1 Qd7 31. Rxb3 Rxb3 32. Qxb3 Qb5 33. Qxb5 axb5 34.
dxe5 f6 35. c6 fxe5 36. Rf1 Kf7 37. Rb1 Ke7 38. Bc5+ Kd8 39. Rxb5 Kc8 40. Be7
g6 41. Rxe5 Ng7 42. f6 Ne8 43. f7 Kb8 44. fxe8=Q+ Ka7 45. Qc8 Kb6 46. Qb7# 1-0